Catálogo
 En Linea

Lengua : educación media. (Registro nro. 45908)

Detalles MARC
000 -CABECERA
campo de control de longitud fija 00321nam a2200121 a 4500
005 - FECHA Y HORA DE LA ÚLTIMA TRANSACCIÓN
campo de control 20201002052845.0
008 - DATOS DE LONGITUD FIJA--INFORMACIÓN GENERAL
campo de control de longitud fija 150811s2004 000 spa d
022 ## - NÚMERO INTERNACIONAL NORMALIZADO PARA PUBLICACIONES SERIADAS
Número Internacional Normalizado para Publicaciones Seriadas 9945400134
040 ## - FUENTE DE LA CATALOGACIÓN
Centro catalogador/agencia de origen DO-SdBNP
100 ## - ENTRADA PRINCIPAL--NOMBRE DE PERSONA
Nombre de persona Sánchez, Olimpia
9 (RLIN) 74438
245 #0 - MENCIÓN DE TÍTULO
Título Lengua : educación media.
260 ## - PUBLICACIÓN, DISTRIBUCIÓN, ETC.
Lugar de publicación, distribución, etc. Actualidad Escolar 2000,
Fecha de publicación, distribución, etc. s. f.

No hay ítems disponibles.

Con tecnología Koha